LEADER 01574nam a2200265 4500 001 991003052089707536 005 20250430130201.0 008 941125m17971804enk b 000 fre 035 $ab14273950-39ule_inst 035 $aCICOGNARA-2342$9ExL 040 $aBibl. Interfacoltà T. Pellegrino$bita 041 0 $afre 100 1 $aHuber, Michael$d<1727-1804.>$0101948 245 10$aManuel des curieux et des amateurs de l'art, contenant une notice abrégé des primcipaux graveurs, et un catalogue raisonné de leurs meilleurs, ouvrage :$bdepuis le commencement de la gravure jusques à nos jours: les artistes rangés par ordre chronologique, et divisés par école /$cpar M. Huber et C. C. H. Rost. 260 $aLondres,$bHenri Escher,$c1797-1804. 300 $a8 v. in 4.; $c20 cm. 500 $aRiproduzione in microfiche dell'originale conservato presso la Biblioteca Apostolica Vaticana 787 18$iLeopoldo Cicognara Program :$tBiblioteca Cicognara$h[microform] : literary sources in the history of art and kindred subjects 787 18$tCatalogo ragionato dei libri d'arte e d'antichità / Leopoldo Cicognara 907 $a.b14273950$b01-04-22$c28-07-16 912 $a991003052089707536 945 $aLE002 SB Raccolta Cicognara, mcrf 262(A-D)$g0$lle002$pE0.00$rn$so $t11$u0$v0$w0$x0$y.i15745089$z28-07-16 996 $aManuel des curieux et des amateurs de l'art, contenant une notice abrégé des primcipaux graveurs, et un catalogue raisonné de leurs meilleurs, ouvrage$91389409 997 $aUNISALENTO 998 $ale002$b28-07-16$cm$dg $e-$ffre$genk$h0$i1 LEADER 01408nam0 22003613i 450 001 CFI0076416 005 20251003044118.0 010 $a8814004269 100 $a20240220d1984 ||||0itac50 ba 101 | $aita 102 $ait 181 1$6z01$ai $bxxxe 182 1$6z01$an 183 1$6z01$anc$2RDAcarrier 200 1 $aˆL'‰amministrazione locale nel sistema delle autonomie$fGian Candido De Martin 210 $aMilano$cA. Giuffrè$d1984 215 $aXI, 359 p.$d25 cm. 606 $aAmministrazione locale$2FIR$3CFIC030744$9E 676 $a342$9DIRITTO COSTITUZIONALE E AMMINISTRATIVO$v12 676 $a352$9CONSIDERAZIONI GENERALI DI AMMINISTRAZIONE PUBBLICA$v21 676 $a352.140945$9Amministrazione locale. Italia$v14 696 $aAmministrazione periferica 699 $aAmministrazione locale$yAmministrazione periferica 700 1$aDe Martin$b, Gian Candido$3CFIV005690$4070$0117808 801 3$aIT$bIT-000000$c20240220 850 $aIT-BN0095 $aIT-AV0007 901 $bNAP 01$cGUERRAZZI $n$ 901 $bNAP AV$cMANCINO $n$ 912 $aCFI0076416 950 0$aBiblioteca Centralizzata di Ateneo$b1 v.$c1 v.$d 01GUERRAZZI C 0243$e 0101 0000099505 VMA 1 v.$fA $h20080423$i20080423 977 $a 01$a AV 996 $aAmministrazione locale nel sistema delle autonomie$962221 997 $aUNISANNIO